000 00540 a2200157 4500
005 20250616115912.0
020 _a978-1-4739-3938-7
082 _a374.126 GRA
100 _aGRAVELLS, A.
245 _aPrinciples and Practices of Assessment: A Guide for Assessors in The FE and Skills Sector
250 _a3rd Ed.
260 _aLondon,
_bSage,
_c2016.
300 _ax, 171p.: ill.; figure, picture, table.
_bIndex.
_c25cm.
856 _yAccess online book
_fPrinciples and Practices of Assessment
_dwww.learningmatters.co.uk
942 _2ddc
_cBKS
999 _c4123
_d4123